| 000 | 00473nam a22001817a 4500 | ||
|---|---|---|---|
| 003 | OSt | ||
| 005 | 20140310182013.0 | ||
| 008 | 130730t xxu||||| |||| 00| 0 eng d | ||
| 050 |
_aPZ 8 _b.B661 1990 |
||
| 082 |
_aKF _bB62n 1990 |
||
| 100 |
_aBlyton, Enid. _94844 |
||
| 245 |
_aNoddy and tessie bear / _cEnid Blyton. |
||
| 260 |
_aLondon : _bGuild Publishing, _cc1990. |
||
| 300 |
_a60 p. ; _c19 cm. |
||
| 541 | _j1 | ||
| 562 | _e1 | ||
| 942 |
_2lcc _cBK-KF _kKF |
||
| 999 |
_c8178 _d8178 |
||